00619nam a22002057a 450000500170000001000130001702000220003003500130005203700160006504000120008108200130009310000170010624500790012326000460020227000530024830000250030150000510032665000150037765000210039220170124110030.0 aA-583092 c00.00a8185565163 aA-583092 bCen Lib/Ret aDPLbEN a374bRED aReddy, P.A.  aDeterminants of adult education instructor effectiveness /cby P.A. Reddy  aNew Delhi bUppal Publishing House c1992 bNew Delhi a3, ansari road, dariya ganj e110002 axix, 167p.c21cm(Hb) aIncludes bibliographical references and index  aEducation  aAdult education